[Event "II Trofeo Perla del Sarcidano A"]
[Site "Laconi ITA"]
[Date "2006.08.09"]
[Round "7"]
[White "Ibba, Isacco"]
[Black "Locci, Damiano"]
[Result "1-0"]
[WhiteElo "2177"]
[BlackElo "1976"]
[PlyCount "117"]
[EventDate "2006.08.05"]

1. f3 e5 2. e4 Nc6 3. c3 Bc5 4. Ne2 Qf6 5. b4 Bb6 6. b5 Nce7 7. d4 Ng6 8. Na3
c6 9. Nc4 Bc7 10. Ne3 d6 11. g3 exd4 12. Nxd4 Ba5 13. Bb2 c5 14. Ndf5 Bxc3+ 15.
Bxc3 Qxc3+ 16. Kf2 Bxf5 17. Nxf5 O-O-O 18. Rc1 Qf6 19. b6 Qb2+ 20. Be2 Qxb6 21.
Rb1 Qc7 22. Qa4 b6 23. Nd4 N8e7 24. Nb5 Qd7 25. Nxa7+ Kc7 26. Nb5+ Kb8 27. f4
Nc8 28. Bc4 Nge7 29. Bxf7 Rhf8 30. Qb3 g5 31. Be6 Qb7 32. f5 Qxe4 33. Rbe1
Rxf5+ 34. Bxf5 Qxf5+ 35. Qf3 Rf8 36. Qxf5 Rxf5+ 37. Kg2 d5 38. Rhf1 Rxf1 39.
Rxf1 Kb7 40. Rf7 Kc6 41. a4 d4 42. Rxh7 Kd5 43. Rh5 Ke4 44. Rxg5 d3 45. Kf2 Nf5
46. Nc3+ Kd4 47. Nb5+ Ke4 48. Nc3+ Kd4 49. Ne2+ Ke5 50. g4 Ncd6 51. Ng3 c4 52.
Rxf5+ Kd4 53. Rf6 Ne8 54. Rxb6 c3 55. Ne2+ Kc5 56. Rb3 dxe2 57. Rxc3+ Kd4 58.
Re3 Nf6 59. h3 1-0

[Event "II Trofeo Perla del Sarcidano A"]
[Site "Laconi ITA"]
[Date "2006.08.09"]
[Round "7"]
[White "Neri, Enzo"]
[Black "Ljubisavljevic, Zivojin Z."]
[Result "0-1"]
[WhiteElo "2058"]
[BlackElo "2290"]
[PlyCount "58"]
[EventDate "2006.08.05"]

1. Nf3 g6 2. c4 Bg7 3. g3 e5 4. Nc3 f5 5. d3 d6 6. Bg2 Nf6 7. e4 O-O 8. h3 Nc6
9. Bg5 h6 10. Be3 f4 11. gxf4 exf4 12. Bd2 g5 13. Ne2 Qe7 14. Qc2 a5 15. Bc3
Nb4 16. Qd2 c5 17. a4 Bd7 18. b3 Rfe8 19. Nfg1 Be6 20. O-O-O Nd7 21. Kb1 Ne5
22. Nc1 Qf7 23. f3 b5 24. axb5 a4 25. Bxb4 cxb4 26. Qxb4 axb3 27. Qxb3 Nxc4 28.
dxc4 Bxc4 29. Qb4 Rec8 0-1

[Event "II Trofeo Perla del Sarcidano A"]
[Site "Laconi ITA"]
[Date "2006.08.09"]
[Round "7"]
[White "Pais, Mario"]
[Black "Pili, Erika"]
[Result "0-1"]
[WhiteElo "1672"]
[BlackElo "1868"]
[PlyCount "59"]
[EventDate "2006.08.05"]

1. e4 e5 2. d4 exd4 3. Nf3 Nc6 4. Bc4 Bc5 5. c3 h6 6. O-O Nge7 7. cxd4 Bb6 8.
d5 Nb4 9. a3 Na6 10. Nc3 O-O 11. Bf4 Ng6 12. h3 Nxf4 13. Qd2 Ng6 14. d6 Nc5 15.
Rac1 c6 16. Nd4 Qf6 17. Nf5 Ne5 18. Ba2 Kh8 19. Qe2 Qg5 20. Rcd1 Ne6 21. Bxe6
fxe6 22. h4 Qf6 23. Ne7 Qxh4 24. Rd3 Bxf2+ 25. Rxf2 Qxf2+ 26. Qxf2 Rxf2 27.
Ng6+ Nxg6 28. Kxf2 Ne5 29. Rg3 b6 30. b3 0-1

[Event "II Trofeo Perla del Sarcidano A"]
[Site "Laconi ITA"]
[Date "2006.08.09"]
[Round "7"]
[White "Puzzoni, Christian"]
[Black "Paulesu, Sebastiano"]
[Result "1-0"]
[WhiteElo "2083"]
[BlackElo "1862"]
[PlyCount "57"]
[EventDate "2006.08.05"]

1. e4 d5 2. Nc3 d4 3. Nce2 e5 4. Ng3 Be6 5. Nf3 f6 6. Be2 Qd7 7. O-O Nc6 8. a3
g5 9. b4 Nce7 10. Ne1 Ng6 11. Nd3 g4 12. f4 exf4 13. Nf5 h5 14. Bb2 Bxf5 15.
exf5 Qxf5 16. Bxd4 O-O-O 17. c3 b6 18. Qa4 Kb8 19. Rab1 Qe4 20. Rfe1 Nh4 21.
Bf1 Qb7 22. Nxf4 Bd6 23. Ne6 Rc8 24. Nc5 Bxc5 25. bxc5 Qa8 26. Re6 Rh7 27. cxb6
cxb6 28. Bxb6 Rb7 29. Qf4+ 1-0

[Event "II Trofeo Perla del Sarcidano A"]
[Site "Laconi ITA"]
[Date "2006.08.09"]
[Round "7"]
[White "Setzu, Francesco"]
[Black "Troiani, Carlo"]
[Result "1-0"]
[WhiteElo "1610"]
[BlackElo "1619"]
[PlyCount "51"]
[EventDate "2006.08.05"]

1. d4 d5 2. Nf3 Nf6 3. h3 e6 4. e3 c5 5. c3 Nc6 6. Bd3 c4 7. Bc2 Bd6 8. Nbd2
O-O 9. O-O Bc7 10. e4 h6 11. e5 Ne8 12. Nh2 f6 13. f4 fxe5 14. fxe5 Rxf1+ 15.
Qxf1 Bb6 16. Ndf3 Nc7 17. Qf2 Bd7 18. Qg3 Kf8 19. Ng4 Ne7 20. Bxh6 gxh6 21.
Nxh6 Ne8 22. Rf1 Ng7 23. Ng5+ Nef5 24. Nh7+ Ke8 25. Qg6+ Ke7 26. Qf7# 1-0

[Event "II Trofeo Perla del Sarcidano A"]
[Site "Laconi ITA"]
[Date "2006.08.09"]
[Round "7"]
[White "Vozza, Augusto"]
[Black "Altea, Giovanni"]
[Result "0-1"]
[WhiteElo "1514"]
[BlackElo "1731"]
[PlyCount "120"]
[EventDate "2006.08.05"]

1. e4 c5 2. c3 d5 3. Bb5+ Bd7 4. Bxd7+ Qxd7 5. e5 e6 6. Nf3 Ne7 7. O-O Nf5 8.
d4 Nc6 9. Be3 cxd4 10. cxd4 Be7 11. Nc3 O-O 12. Ne2 Rac8 13. Ng3 Nxg3 14. fxg3
Nb4 15. Rf2 Rc7 16. a3 Na6 17. Ng5 h6 18. Nxf7 Rxf7 19. Rxf7 Kxf7 20. Qh5+ Kg8
21. Rf1 Bg5 22. Bxg5 hxg5 23. Qxg5 Qe7 24. Qf4 Rc4 25. h4 Nc5 26. Rf3 Ne4 27.
h5 Rc8 28. h6 Ng5 29. Rc3 Rxc3 30. bxc3 gxh6 31. Qc1 Qc7 32. Qc2 Kg7 33. Qf2
Qf7 34. Qe2 Ne4 35. Qg4+ Qg6 36. Qh4 Qg5 37. Qh3 Kf7 38. g4 Qf4 39. Qh5+ Ke7
40. Qg6 Ng5 41. Qg7+ Nf7 42. Qg6 Qg5 43. Qb1 Qe3+ 44. Kh1 Qxc3 45. Qxb7+ Kf8
46. Qxa7 Qg3 47. Qc5+ Kg7 48. Qe7 Qf4 49. Qa7 Qxg4 50. a4 Kg6 51. a5 Ng5 52.
Qb6 Qh4+ 53. Kg1 Qg3 54. Qb2 Qe1+ 55. Kh2 Qxa5 56. Qb1+ Ne4 57. Qd1 Qd2 58.
Qg4+ Ng5 59. Qg3 Qxd4 60. Qb3 Qe4 0-1

[Event "II Trofeo Perla del Sarcidano A"]
[Site "Laconi ITA"]
[Date "2006.08.09"]
[Round "7"]
[White "Zuccarelli, Angelo"]
[Black "Boi, Fausto"]
[Result "1-0"]
[WhiteElo "1905"]
[BlackElo "1622"]
[PlyCount "85"]
[EventDate "2006.08.05"]

1. e4 d6 2. d4 Nf6 3. Nc3 g6 4. Nf3 Bg7 5. Be2 O-O 6. O-O b6 7. Bg5 Bb7 8. Bd3
Nc6 9. a3 Nd7 10. Ne2 Rc8 11. c3 Re8 12. Qd2 a6 13. Ng3 Na7 14. h4 c5 15. h5
cxd4 16. cxd4 Nf6 17. hxg6 fxg6 18. Qe2 b5 19. a4 Bc6 20. axb5 Bxb5 21. Bxb5
Nxb5 22. Rxa6 Qd7 23. Ra5 Rb8 24. Bd2 Rec8 25. Rc1 Rxc1+ 26. Bxc1 Qc6 27. Ra1
Rc8 28. Bg5 h6 29. Rc1 Qxc1+ 30. Bxc1 Rxc1+ 31. Nf1 Nc7 32. b4 Kh7 33. b5 Rb1
34. Qc2 Rxb5 35. Qxc7 Bf8 36. Qc4 Rb8 37. Qf7+ Kh8 38. Nh4 Bg7 39. Nxg6+ Kh7
40. Nxe7 Re8 41. Qg6+ Kh8 42. Nf5 Rg8 43. Nxg7 1-0

[Event "II Trofeo Perla del Sarcidano A"]
[Site "Laconi ITA"]
[Date "2006.08.09"]
[Round "8"]
[White "Altea, Giovanni"]
[Black "Dessy, Eugenio"]
[Result "1-0"]
[WhiteElo "1731"]
[BlackElo "1488"]
[PlyCount "65"]
[EventDate "2006.08.05"]

1. c4 c5 2. Nc3 Nc6 3. g3 g6 4. Bg2 Bg7 5. e3 d6 6. Nge2 Be6 7. d3 Qc8 8. Nf4
Bd7 9. a3 Nf6 10. Rb1 O-O 11. O-O Re8 12. Bd2 Rb8 13. b4 e5 14. Nfd5 Bh3 15.
Nxf6+ Bxf6 16. Ne4 Be7 17. b5 Nd8 18. Nc3 Bxg2 19. Kxg2 b6 20. f4 Bf6 21. Qf3
Bg7 22. Nd5 f5 23. fxe5 dxe5 24. e4 Rb7 25. exf5 Rf7 26. f6 Bf8 27. Qe4 Bd6 28.
h4 Ne6 29. Rf2 Qb7 30. Rh1 Kh8 31. Bh6 Nc7 32. Bg7+ Kg8 33. Ne7+ 1-0

[Event "II Trofeo Perla del Sarcidano A"]
[Site "Laconi ITA"]
[Date "2006.08.09"]
[Round "8"]
[White "Caredda, Giuseppe"]
[Black "Pais, Mario"]
[Result "1/2-1/2"]
[WhiteElo "1406"]
[BlackElo "1672"]
[PlyCount "89"]
[EventDate "2006.08.05"]

1. d4 c5 2. Nf3 Nf6 3. c4 cxd4 4. Nxd4 e5 5. Nb5 Bb4+ 6. N1c3 O-O 7. a3 Bxc3+
8. Nxc3 d6 9. Bg5 h6 10. Bd2 Bf5 11. g3 Nc6 12. Bg2 e4 13. Nd5 Ne5 14. Nxf6+
Qxf6 15. Bc3 Rac8 16. Qb3 b6 17. Rd1 Qe6 18. Bxe5 dxe5 19. Rc1 Rfd8 20. O-O Rd4
21. Qa4 a5 22. Qb5 Rdxc4 23. Rxc4 Rxc4 24. Rd1 Rc2 25. e3 Qf6 26. Rf1 Qd6 27.
Qe8+ Kh7 28. Qa4 Rxb2 29. Bxe4 Bxe4 30. Qxe4+ g6 31. Qf3 Qe6 32. Rd1 Kg7 33.
Qd5 Qxd5 34. Rxd5 Ra2 35. Rxe5 Rxa3 36. Rb5 a4 37. Rxb6 Ra1+ 38. Kg2 a3 39. Ra6
a2 40. h4 g5 41. hxg5 hxg5 42. Kf3 f6 43. Kg4 Kf7 44. f4 gxf4 45. exf4 1/2-1/2

[Event "II Trofeo Perla del Sarcidano A"]
[Site "Laconi ITA"]
[Date "2006.08.09"]
[Round "8"]
[White "Fenu, Salvatore"]
[Black "Ibba, Isacco"]
[Result "0-1"]
[WhiteElo "1943"]
[BlackElo "2177"]
[PlyCount "80"]
[EventDate "2006.08.05"]

1. d4 d6 2. e4 f5 3. Nc3 Nf6 4. e5 Ne4 5. Bd3 Nxc3 6. bxc3 dxe5 7. dxe5 e6 8.
Nf3 Bc5 9. Qe2 O-O 10. Be3 Qe7 11. O-O Nd7 12. Rfe1 b6 13. Bb5 Bxe3 14. Qxe3
Nc5 15. Bc6 Bb7 16. Bxb7 Nxb7 17. Red1 Rad8 18. Qf4 Rxd1+ 19. Rxd1 Rd8 20.
Rxd8+ Qxd8 21. Qd4 c5 22. Qxd8+ Nxd8 23. c4 Nc6 24. c3 h6 25. h3 Kf7 26. Kf1
Kg6 27. g3 Kh5 28. Ke2 g5 29. Ke3 Kg6 30. Ke2 g4 31. hxg4 fxg4 32. Nd2 Kf5 33.
f4 gxf3+ 34. Nxf3 Nxe5 35. Nxe5 Kxe5 36. Ke3 Kf5 37. Kf3 h5 38. a4 e5 39. Ke3
Kg4 40. Kf2 e4 0-1

[Event "II Trofeo Perla del Sarcidano A"]
[Site "Laconi ITA"]
[Date "2006.08.09"]
[Round "8"]
[White "Ljubisavljevic, Zivojin Z."]
[Black "Zuccarelli, Angelo"]
[Result "1-0"]
[WhiteElo "2290"]
[BlackElo "1905"]
[PlyCount "120"]
[EventDate "2006.08.05"]

1. d4 d5 2. c3 Nf6 3. Bg5 e6 4. Nd2 c5 5. e3 Nc6 6. f4 a6 7. Ngf3 c4 8. g3 Be7
9. Bxf6 Bxf6 10. e4 dxe4 11. Nxe4 b5 12. Bg2 Be7 13. O-O Bb7 14. Nfg5 O-O 15.
Qc2 g6 16. h4 Na5 17. Rae1 Bd5 18. Qe2 Nb7 19. Nd2 Bxg2 20. Qxg2 Nd6 21. Ngf3
Bf6 22. Ne5 Qc7 23. Qf3 Rac8 24. h5 Bg7 25. Kg2 Qb7 26. Qxb7 Nxb7 27. Ne4 Rfd8
28. g4 f6 29. Nf3 Kf7 30. Rh1 gxh5 31. Rxh5 h6 32. g5 hxg5 33. fxg5 Rh8 34.
Rxh8 Rxh8 35. gxf6 Bxf6 36. Neg5+ Bxg5 37. Nxg5+ Kf6 38. Nxe6 Re8 39. d5 Nd8
40. Rf1+ Ke5 41. Nf4 Rg8+ 42. Kf3 Rf8 43. Re1+ Kd6 44. Rh1 Nf7 45. Rh5 a5 46.
Ke4 Re8+ 47. Ne6 Nd8 48. Kd4 Nxe6+ 49. dxe6 Rb8 50. Re5 Ke7 51. Kc5 b4 52. Kxc4
bxc3 53. Kxc3 a4 54. Ra5 Rc8+ 55. Kb4 Kxe6 56. Kxa4 Rc4+ 57. b4 Kd6 58. Kb5 Rg4
59. Ra7 Rg5+ 60. Kb6 Rg4 1-0

[Event "II Trofeo Perla del Sarcidano A"]
[Site "Laconi ITA"]
[Date "2006.08.09"]
[Round "8"]
[White "Paulesu, Sebastiano"]
[Black "Neri, Enzo"]
[Result "1/2-1/2"]
[WhiteElo "1862"]
[BlackElo "2058"]
[PlyCount "27"]
[EventDate "2006.08.05"]

1. e4 e6 2. c4 c5 3. Nc3 Nc6 4. g3 Be7 5. Bg2 d6 6. Nge2 e5 7. d3 g6 8. O-O h5
9. f4 exf4 10. gxf4 Nh6 11. Nd5 Be6 12. Bd2 Qd7 13. Bc3 Rg8 14. Qe1 1/2-1/2

[Event "II Trofeo Perla del Sarcidano A"]
[Site "Laconi ITA"]
[Date "2006.08.09"]
[Round "8"]
[White "Pili, Erika"]
[Black "Figus, Maurizio"]
[Result "1/2-1/2"]
[WhiteElo "1868"]
[BlackElo "1931"]
[PlyCount "39"]
[EventDate "2006.08.05"]

1. e4 c5 2. Nf3 Nc6 3. d4 cxd4 4. Nxd4 Nf6 5. Nc3 d6 6. Be2 a6 7. a4 e6 8. O-O
Be7 9. Nf3 O-O 10. h3 Qc7 11. Re1 b6 12. Nh2 d5 13. exd5 exd5 14. Bf3 Bb7 15.
Nf1 Rfd8 16. Bd2 Rac8 17. Qc1 d4 18. Ne4 Nxe4 19. Bxe4 Nb8 20. Bxb7 1/2-1/2

[Event "II Trofeo Perla del Sarcidano A"]
[Site "Laconi ITA"]
[Date "2006.08.09"]
[Round "8"]
[White "Setzu, Francesco"]
[Black "Vozza, Augusto"]
[Result "1-0"]
[WhiteElo "1610"]
[BlackElo "1514"]
[PlyCount "91"]
[EventDate "2006.08.05"]

1. d4 c6 2. Nf3 d5 3. e3 Bg4 4. Nbd2 e6 5. Bd3 Nf6 6. h3 Bxf3 7. gxf3 Nbd7 8.
e4 Qb6 9. c3 Nh5 10. Nf1 Bd6 11. e5 Be7 12. Ng3 Nxg3 13. fxg3 c5 14. Qa4 Qc7
15. Bd2 f6 16. f4 O-O 17. Qc2 f5 18. Be3 Qd8 19. Qg2 Rc8 20. a3 cxd4 21. cxd4
Nb6 22. Qe2 Nc4 23. O-O Qe8 24. Rac1 b5 25. Bd2 Qd7 26. Rc2 Rc6 27. Rfc1 Rfc8
28. Bc3 Bd8 29. Bb4 a6 30. Bc5 Na5 31. Rc3 Nc4 32. b3 Na5 33. Qd1 g6 34. R1c2
Nb7 35. b4 Nxc5 36. bxc5 Rb8 37. Rb3 Qg7 38. Qb1 g5 39. Rg2 Kh8 40. a4 b4 41.
Rxb4 Rxb4 42. Qxb4 Qa7 43. Kh2 Rc8 44. Rb2 Be7 45. Qb7 Qxb7 46. Rxb7 1-0

[Event "II Trofeo Perla del Sarcidano A"]
[Site "Laconi ITA"]
[Date "2006.08.09"]
[Round "8"]
[White "Troiani, Carlo"]
[Black "Carta, Francesco"]
[Result "0-1"]
[WhiteElo "1619"]
[BlackElo "1637"]
[PlyCount "76"]
[EventDate "2006.08.05"]

1. e4 c5 2. f4 d6 3. Nf3 Nf6 4. d3 Nc6 5. Be2 e6 6. O-O Be7 7. Bd2 O-O 8. Nc3
a6 9. h3 Bd7 10. Nh2 Nd4 11. Bf3 Qb6 12. b3 Rac8 13. Ne2 Nxf3+ 14. Rxf3 Bc6 15.
Ng3 d5 16. e5 Nd7 17. Ng4 c4+ 18. Kh2 cxd3 19. Rxd3 Bb5 20. Be3 Qc6 21. c4 dxc4
22. Rxd7 Qxd7 23. Qxd7 Bxd7 24. bxc4 Rxc4 25. Nf2 Bc6 26. Ngh1 Ba3 27. Rd1 Rc2
28. Ra1 Bd5 29. Ng3 Rfc8 30. Nge4 Bxe4 31. Nxe4 Re2 32. Nd6 Bxd6 33. exd6 Rxe3
34. Rd1 Rd8 35. d7 Kf8 36. g4 Ke7 37. g5 Rxd7 38. Rxd7+ Kxd7 0-1

[Event "II Trofeo Perla del Sarcidano A"]
[Site "Laconi ITA"]
[Date "2006.08.10"]
[Round "9"]
[White "Boi, Fausto"]
[Black "Pili, Erika"]
[Result "0-1"]
[WhiteElo "1622"]
[BlackElo "1868"]
[PlyCount "58"]
[EventDate "2006.08.05"]

1. Nf3 Nc6 2. c4 b6 3. g3 Bb7 4. Bg2 d6 5. Nc3 e6 6. b3 Be7 7. Bb2 f5 8. d3 Nf6
9. O-O O-O 10. Ng5 Qc8 11. f4 Nd8 12. Nf3 Nf7 13. h3 Rb8 14. a3 a6 15. b4 Qe8
16. Qb3 Nh6 17. c5 Kh8 18. cxb6 cxb6 19. Qxe6 Bxf3 20. Bxf3 Rd8 21. Nd5 Nxd5
22. Qxd5 Bf6 23. Bxf6 Qe3+ 24. Kh2 Rxf6 25. Rac1 Rg6 26. Rc6 Ng4+ 27. Kg2 Nh6
28. Qc4 d5 29. Rxg6 dxc4 0-1

[Event "II Trofeo Perla del Sarcidano A"]
[Site "Laconi ITA"]
[Date "2006.08.10"]
[Round "9"]
[White "Carta, Francesco"]
[Black "Caredda, Giuseppe"]
[Result "1-0"]
[WhiteElo "1637"]
[BlackElo "1406"]
[PlyCount "83"]
[EventDate "2006.08.05"]

1. e4 c5 2. Nf3 d6 3. Bb5+ Bd7 4. Bxd7+ Nxd7 5. c3 Ngf6 6. d3 e5 7. O-O Be7 8.
Re1 O-O 9. Bg5 Re8 10. Nh4 Nf8 11. Nf5 Ng6 12. Nd2 h6 13. Bxf6 Bxf6 14. Nc4 Re6
15. Nce3 Nh4 16. Qg4 Nxf5 17. Nxf5 Kf8 18. h4 d5 19. Re3 g6 20. Nxh6 Bxh4 21.
Rh3 Bg5 22. Nf5 Bf6 23. Ne3 d4 24. Nd5 Bg7 25. g3 g5 26. Kg2 Rh6 27. Rxh6 Bxh6
28. Qf5 Bg7 29. Rh1 f6 30. Rh5 Kg8 31. Rh7 Qf8 32. Nc7 Rb8 33. Ne6 Kf7 34.
Rxg7+ Qxg7 35. Nxg7 Kxg7 36. Qd7+ Kg6 37. c4 a6 38. Qc7 Rf8 39. Qxb7 a5 40. Qb6
Rc8 41. Qxa5 f5 42. Qa6+ 1-0

[Event "II Trofeo Perla del Sarcidano A"]
[Site "Laconi ITA"]
[Date "2006.08.10"]
[Round "9"]
[White "Dessy, Eugenio"]
[Black "Setzu, Francesco"]
[Result "1-0"]
[WhiteElo "1488"]
[BlackElo "1610"]
[PlyCount "113"]
[EventDate "2006.08.05"]

1. e4 c6 2. d4 d5 3. Nc3 dxe4 4. Nxe4 Nd7 5. Bc4 Ngf6 6. Ng3 e6 7. Nf3 c5 8.
Qe2 Nb6 9. Bb5+ Bd7 10. Bg5 a6 11. Bxd7+ Nbxd7 12. d5 Be7 13. dxe6 fxe6 14.
Qxe6 Qb6 15. Qxb6 Nxb6 16. Nf5 Kf7 17. Nxe7 Kxe7 18. O-O Rhe8 19. Be3 Nbd7 20.
Rfe1 Kf7 21. Rad1 h6 22. c4 Re6 23. Nh4 Rae8 24. Nf5 Kg8 25. h3 b6 26. Rb1 Ne5
27. b3 Rd8 28. Rbd1 Ree8 29. Bf4 Ned7 30. Rxe8+ Rxe8 31. g4 g5 32. Nxh6+ Kh7
33. Bxg5 Kg6 34. Bxf6 Nxf6 35. Nf5 Re2 36. a4 Rb2 37. Rd3 Ne4 38. Rf3 Nd2 39.
Ne7+ Kg7 40. Re3 Nxb3 41. Nd5 Nd4 42. Re7+ Kf8 43. Rb7 Ne2+ 44. Kg2 Nd4 45.
Rxb6 Rxb6 46. Nxb6 Ke8 47. Nd5 Kd7 48. f4 a5 49. f5 Nc2 50. Kf3 Na3 51. Ne3 Nb1
52. f6 Ke6 53. g5 Nc3 54. g6 Nxa4 55. f7 Ke7 56. Nd5+ Kf8 57. Nf6 1-0

[Event "II Trofeo Perla del Sarcidano A"]
[Site "Laconi ITA"]
[Date "2006.08.10"]
[Round "9"]
[White "Figus, Maurizio"]
[Black "Zuccarelli, Angelo"]
[Result "1-0"]
[WhiteElo "1931"]
[BlackElo "1905"]
[PlyCount "65"]
[EventDate "2006.08.05"]

1. e4 e5 2. Nf3 Nc6 3. d4 exd4 4. Nxd4 Bc5 5. Be3 Qf6 6. c3 Nge7 7. Bc4 d6 8.
O-O Qg6 9. Bd3 Bh3 10. Qf3 Ne5 11. Qxh3 Nxd3 12. Nf5 Nc6 13. Bxc5 Nxc5 14. b4
Ne6 15. f4 Qf6 16. Nd2 Ne7 17. Rae1 Ng6 18. Nc4 Ngxf4 19. Qg4 h5 20. Qg3 O-O-O
21. Rxf4 Nxf4 22. Qxf4 g6 23. Nfxd6+ Rxd6 24. e5 Qe6 25. Nxd6+ cxd6 26. Qd4 Re8
27. Qxa7 dxe5 28. Rd1 Qc6 29. Qa8+ Kc7 30. Qa5+ Kc8 31. b5 Qc5+ 32. Kh1 Qe7 33.
b6 1-0

[Event "II Trofeo Perla del Sarcidano A"]
[Site "Laconi ITA"]
[Date "2006.08.10"]
[Round "9"]
[White "Gromovs, Sergejs"]
[Black "Paulesu, Sebastiano"]
[Result "1-0"]
[WhiteElo "2314"]
[BlackElo "1862"]
[PlyCount "44"]
[EventDate "2006.08.05"]

1. d4 Nf6 2. Nf3 g6 3. c4 Bg7 4. Nc3 O-O 5. g3 d5 6. cxd5 Nxd5 7. Bg2 Nxc3 8.
bxc3 c5 9. O-O cxd4 10. Nxd4 e5 11. Nb5 Nc6 12. Ba3 Re8 13. Nd6 Re6 14. Bd5 Bf8
15. Nb5 Rf6 16. Bxc6 Qxd1 17. Rfxd1 Bxa3 18. Rd8+ Bf8 19. Bg2 Kg7 20. Nc7 Rb8
21. Ne8+ Kh6 22. Nxf6 Be7 1-0

[Event "II Trofeo Perla del Sarcidano A"]
[Site "Laconi ITA"]
[Date "2006.08.10"]
[Round "9"]
[White "Ibba, Isacco"]
[Black "Neri, Enzo"]
[Result "1/2-1/2"]
[WhiteElo "2177"]
[BlackElo "2058"]
[PlyCount "31"]
[EventDate "2006.08.05"]

1. d3 d5 2. f4 Nf6 3. Nf3 Bf5 4. g3 c6 5. Bg2 Na6 6. O-O Qc8 7. Nbd2 Bh3 8. e4
Bxg2 9. Kxg2 e6 10. e5 Nd7 11. d4 c5 12. f5 Be7 13. fxe6 fxe6 14. Ng5 Bxg5 15.
Qh5+ g6 16. Qxg5 1/2-1/2

[Event "II Trofeo Perla del Sarcidano A"]
[Site "Laconi ITA"]
[Date "2006.08.10"]
[Round "9"]
[White "Ljubisavljevic, Zivojin Z."]
[Black "Altea, Giovanni"]
[Result "1-0"]
[WhiteElo "2290"]
[BlackElo "1731"]
[PlyCount "81"]
[EventDate "2006.08.05"]

1. Nf3 Nf6 2. c4 Nc6 3. d4 e6 4. Bg5 Bb4+ 5. Nc3 h6 6. Bxf6 Bxc3+ 7. bxc3 Qxf6
8. c5 d6 9. cxd6 cxd6 10. e3 O-O 11. Be2 e5 12. O-O Bf5 13. Rc1 Rac8 14. Nd2
exd4 15. cxd4 Rfe8 16. Bb5 Bd7 17. d5 Ne5 18. Rxc8 Rxc8 19. Bxd7 Nxd7 20. Qa4
Nc5 21. Qxa7 Qe5 22. Nc4 Qe7 23. Nb6 Re8 24. Qa5 Qd8 25. Qb5 Re4 26. a4 Qh4 27.
a5 Qd8 28. h3 Re5 29. Rd1 Qc7 30. Nc4 Re7 31. Qb6 Qxb6 32. axb6 Rd7 33. f3 Kf8
34. e4 f6 35. Ra1 Na6 36. Kf2 Ke7 37. g4 Rd8 38. Ne3 g6 39. h4 h5 40. gxh5 gxh5
41. Nf5+ 1-0

[Event "II Trofeo Perla del Sarcidano A"]
[Site "Laconi ITA"]
[Date "2006.08.10"]
[Round "9"]
[White "Vozza, Augusto"]
[Black "Troiani, Carlo"]
[Result "0-1"]
[WhiteElo "1514"]
[BlackElo "1619"]
[PlyCount "50"]
[EventDate "2006.08.05"]

1. e4 d5 2. e5 f6 3. d4 Bf5 4. Nc3 e6 5. f4 Nd7 6. Nf3 c5 7. Ne2 Rc8 8. c3 c4
9. Ng3 Bg6 10. Be2 h6 11. O-O Ne7 12. Nh4 Bh7 13. f5 Nxf5 14. Nhxf5 exf5 15.
Bh5+ g6 16. Nxf5 fxe5 17. Qf3 Nf6 18. dxe5 Bc5+ 19. Kh1 Nxh5 20. Nd6+ Kd7 21.
Nxc8 Kxc8 22. Bxh6 Bg8 23. Qg4+ Qd7 24. Qxd7+ Kxd7 25. Bg5 Ng3# 0-1

[Event "X Open A"]
[Site "Genova ITA"]
[Date "2006.08.07"]
[Round "1"]
[White "Accattato Martin, Mario"]
[Black "Velikov, Petar V."]
[Result "0-1"]
[WhiteElo "2089"]
[BlackElo "2465"]
[PlyCount "64"]
[EventDate "2006.08.07"]

1. e4 c5 2. Nf3 e6 3. d4 cxd4 4. Nxd4 a6 5. Nc3 b5 6. Bd3 d6 7. O-O Nf6 8. Qe2
Bb7 9. a3 Nbd7 10. f4 Qc7 11. Kh1 Be7 12. Be3 O-O 13. Bg1 Nc5 14. Rae1 Rad8 15.
e5 Nxd3 16. Qxd3 dxe5 17. fxe5 Nd7 18. Qg3 Nb6 19. Be3 Kh8 20. Nf3 Nc4 21. Ng5
Nxe3 22. Rxe3 Rd2 23. Nce4 Bxg5 24. Qxg5 Bxe4 25. Rxe4 Rxc2 26. Rg4 f5 27. exf6
Rxf6 28. Rd1 h6 29. Qe3 Rxb2 30. Rgd4 Qc2 31. Qg3 Rb1 32. Qg4 Rf1+ 0-1

[Event "X Open A"]
[Site "Genova ITA"]
[Date "2006.08.07"]
[Round "1"]
[White "Bacigalupo, Claudio"]
[Black "Roatta, Luca"]
[Result "1-0"]
[WhiteElo "1999"]
[BlackElo "2151"]
[PlyCount "89"]
[EventDate "2006.08.07"]

1. d4 d5 2. c4 c6 3. Nf3 Nf6 4. Nc3 e6 5. Bg5 Be7 6. e3 Nbd7 7. cxd5 exd5 8.
Bd3 Ne4 9. Bxe7 Qxe7 10. Qc2 f5 11. O-O g5 12. Rae1 g4 13. Nd2 Ndf6 14. Ne2 Bd7
15. Nf4 O-O-O 16. Nxe4 fxe4 17. Be2 Kb8 18. Rb1 Rc8 19. b4 Ne8 20. a4 Nc7 21.
Qb3 Ne6 22. Nxe6 Bxe6 23. a5 Rhf8 24. Qc3 Rf6 25. Qc5 Qc7 26. b5 Rh6 27. g3
Qxa5 28. bxc6 Qxc5 29. Rxb7+ Ka8 30. dxc5 Rxc6 31. Rfb1 Rb6 32. R7xb6 axb6 33.
Rxb6 Rg6 34. Bb5 Ka7 35. Rd6 Bg8 36. Rxg6 hxg6 37. Kf1 Be6 38. Ke2 Bc8 39. Kd2
Ba6 40. Bd7 Bc4 41. Kc3 Kb7 42. Kd4 Kc7 43. Bxg4 Kc6 44. h4 Bb3 45. Be6 1-0

[Event "X Open A"]
[Site "Genova ITA"]
[Date "2006.08.07"]
[Round "1"]
[White "Barsov, Alexei"]
[Black "Foglia, Maurizio"]
[Result "1-0"]
[WhiteElo "2546"]
[BlackElo "2117"]
[PlyCount "89"]
[EventDate "2006.08.07"]

1. d4 Nf6 2. c4 g6 3. Nf3 c6 4. Nc3 d5 5. e3 Bg7 6. Qb3 O-O 7. Bd2 dxc4 8. Bxc4
b5 9. Be2 Be6 10. Qc2 b4 11. Na4 Bf5 12. Qb3 a5 13. O-O Ne4 14. Rfd1 Be6 15.
Bc4 Bd5 16. Be1 e6 17. Qc2 Nd7 18. a3 Qe7 19. axb4 axb4 20. b3 Rfb8 21. Nb2 Nc3
22. Rxa8 Rxa8 23. Bxc3 Bxf3 24. gxf3 bxc3 25. Qxc3 c5 26. Na4 cxd4 27. exd4
Qg5+ 28. Kh1 Qh4 29. Qe3 Bh6 30. Qe4 Bf4 31. Qxa8+ Kg7 32. Kg2 Qxh2+ 33. Kf1
Nf6 34. Ke2 Nh5 35. Kd3 Qxf2 36. Kc3 Ng3 37. Nc5 Qe3+ 38. Kb4 h5 39. Qb7 Bd6
40. Kb5 Nf5 41. Nxe6+ Kf6 42. Nc5 Be7 43. Qd5 Nd6+ 44. Kc6 Nxc4 45. bxc4 1-0

[Event "X Open A"]
[Site "Genova ITA"]
[Date "2006.08.07"]
[Round "1"]
[White "Cirabisi, Federico"]
[Black "Dzhumaev, Marat"]
[Result "0-1"]
[WhiteElo "2116"]
[BlackElo "2509"]
[PlyCount "66"]
[EventDate "2006.08.07"]

1. d4 f5 2. e4 fxe4 3. Nc3 Nf6 4. Bg5 Nc6 5. d5 Ne5 6. Qd4 Nf7 7. h4 c6 8.
O-O-O Qb6 9. Bxf6 gxf6 10. Qxe4 Qxf2 11. Nf3 Bh6+ 12. Kb1 Qe3 13. Qa4 Qf4 14.
Qb3 O-O 15. Be2 c5 16. d6 e6 17. Nb5 b6 18. Bc4 Bb7 19. Rhf1 Qg3 20. Nc3 Kh8
21. Ne1 Ne5 22. Bb5 a6 23. Be2 b5 24. Bf3 Nxf3 25. gxf3 Qh3 26. Rf2 Rg8 27. Ne2
Qxh4 28. Rf1 Bd5 29. Rxd5 exd5 30. Qxd5 Rae8 31. Qd1 c4 32. f4 Qh2 33. Nd4 Rg1
0-1

[Event "X Open A"]
[Site "Genova ITA"]
[Date "2006.08.07"]
[Round "1"]
[White "Collareta, Giovanni"]
[Black "Okhotnik, Vladimir"]
[Result "0-1"]
[WhiteElo "2098"]
[BlackElo "2485"]
[PlyCount "120"]
[EventDate "2006.08.07"]

1. c4 Nf6 2. Nf3 g6 3. Nc3 d5 4. cxd5 Nxd5 5. Qa4+ Nc6 6. Ne5 Ndb4 7. Nxc6 Nxc6
8. d3 Bg7 9. g3 O-O 10. Bg2 Nd4 11. O-O Bd7 12. Qd1 Bc6 13. Bxc6 Nxc6 14. Be3
Qd7 15. Qd2 Qh3 16. Ne4 Ne5 17. f3 Rfd8 18. Rac1 Qd7 19. Rc2 b6 20. b4 a5 21.
Rfc1 Qb5 22. Rxc7 axb4 23. Rxe7 Qd5 24. Rc2 b3 25. axb3 Qxb3 26. Kg2 b5 27.
Rcc7 Ra2 28. Qe1 Nxd3 29. Qf1 Ne5 30. Bf4 Qb2 31. Nc3 Ra1 32. Qf2 Nc4 33. Ne4
Rf8 34. Ng5 Bd4 35. e3 Qxf2+ 36. Kxf2 Ra2+ 37. Kg1 Bf6 38. Rxf7 Rd8 39. Rfd7
Rxd7 40. Rxd7 Bxg5 41. Bxg5 Ne5 42. Rd8+ Kf7 43. f4 Nf3+ 44. Kf1 b4 45. Rb8 b3
46. Rb7+ Ke6 47. Rb6+ Kd5 48. Bf6 Rxh2 49. Rxb3 Ke4 50. Ra3 h5 51. Be7 Nd2+ 52.
Ke1 Nc4 53. Ra6 Kxe3 54. Bc5+ Kf3 55. Kd1 Nb2+ 56. Kc1 Nd3+ 57. Kb1 Nxc5 58.
Rxg6 Rh3 59. f5 Rxg3 60. Rh6 Kg4 0-1